Semanario pintoresco español. (Record no. 2233)

MARC details
000 -LEADER
campo de control de longitud fija 01398nas a22002771i#4500
001 - NÚMERO DE CONTROL
campo de control 2233
003 - IDENTIFICADOR DE NÚMERO DE CONTROL
campo de control ES-MaACL
005 - FECHA Y HORA DE LA ÚLTIMA TRANSACCIÓN
campo de control 20250724062602.0
007 - CAMPO FIJO DE DESCRIPCIÓN FÍSICA--INFORMACIÓN GENERAL
campo de control de longitud fija t|
008 - DATOS DE LONGITUD FIJA--INFORMACIÓN GENERAL
campo de control de longitud fija 950801d18361857sp | | 1 ||pa d
080 ## - NÚMERO DE LA CLASIFICACIÓN DECIMAL UNIVERSAL
Número de la Clasificación Decimal Universal 7/8
080 ## - NÚMERO DE LA CLASIFICACIÓN DECIMAL UNIVERSAL
Número de la Clasificación Decimal Universal 05(46.41)"18"
245 00 - MENCIÓN DEL TÍTULO
Título Semanario pintoresco español.
260 ## - PUBLICACIÓN, DISTRIBUCIÓN, ETC.
Lugar de publicación, distribución, etc. Madrid :
Nombre del editor, distribuidor, etc. Imp. Tomás Jordán,
Fecha de publicación, distribución, etc. 1836-1857 (
Fabricante Tip. del Semanario)
300 ## - DESCRIPCIÓN FÍSICA
Extensión v :
Otras características físicas grab ;
Dimensiones 29 cm.
310 ## - PERIODICIDAD ACTUAL
Periodicidad actual Semanal
362 0# - FECHAS DE PUBLICACIÓN Y/O DESIGNACIÓN SECUENCIAL
Fecha de publicación y/o designación secuencial N. 1 (3 abr. 1836)-n. 144 (dic. 1838) ; 2. serie, t. 1, n. 1 (en. 1839)-2. serie, t. 4, n. 52 (dic. 1842), 3. serie, t. 1, n. 1 (en. 1843)-3. serie, año 10, t. 3, n. 51 (dic. 1845) ; nueva época, año 11, t. 1, n. 1 (en. 1846)-año 22, t. 12, n. 51 (20 dic. 1857)
555 ## - NOTA DE ÍNDICE ACUMULATIVO U OTROS INSTRUMENTOS BIBLIOGRÁFICOS
Nota de índice acumulativo u otros instrumentos bibliográficos Índices: año 1-10 (1836-1845) en: 3. serie, año 10, t. 3, n. 51.
555 ## - NOTA DE ÍNDICE ACUMULATIVO U OTROS INSTRUMENTOS BIBLIOGRÁFICOS
Nota de índice acumulativo u otros instrumentos bibliográficos Índices elaborados por José Simón Díaz. Semanario pintoresco español (Madrid, 1836-1857). Madrid : Instituto Nicolás Antonio del CSIC.
580 ## - NOTA DE RELACIÓN COMPLEJA
Nota de relación compleja Absorbe a: El Siglo pintoresco = ISSN 2171-0546; El Renacimiento (Madrid) = ISSN 1889-9188; y a las publicaciones Semanario pintoresco literario y artístico , y España pintoresca y artístca de Van-Halen.
650 #7 - PUNTO DE ACCESO ADICIONAL DE MATERIA--TÉRMINO DE MATERIA
Término de materia o nombre geográfico como elemento de entrada Cultura
Fuente del encabezamiento o término embne
9 (RLIN) 170963
700 1# - ENTRADA AGREGADA--NOMBRE PERSONAL
Nombre de persona Gironella, Gervasio.
9 (RLIN) 174878
852 ## - LOCALIZACIÓN
Ubicación ES-MaACL
Número de control de estantería R-2555-71
Encuadernación Olim: B-5215-31
866 #0 - MENCIÓN TEXTUAL DE FONDOS--UNIDAD BIBLIOGRÁFICA BÁSICA
Fondos 1836-46,1848-49,1851,1853-55.
Holdings
Estatus retirado Estado de pérdida Estado de daño No para préstamo Colección Biblioteca de origen Biblioteca actual Ubicación en estantería Fecha de adquisición Fuente de adquisición Total de préstamos Signatura topográfica completa Código de barras Visto por última vez Precio de reemplazo Tipo de ítem Koha
        Periódicos y Revistas Biblioteca del Ateneo de Madrid Biblioteca del Ateneo de Madrid Depósito 17/01/2008     R-2555-71 1002273 23/02/2023 23/02/2023 Revista